00973cam a2200229 a 450000100100000000500170001000800410002704000250006808200150009324500950010826000790020330000170028249000660029950000450036565100270041065000290043770000390046671000380050583000730054395201120061699900150072800000665120200929153951.0860808s1984 cl f000 0 spa d aDO-SdBNPbspacBNPHU a983bD637h00aDocumentos históricos y literarios chilenos /cpresentación Enrique Campos Menéndez. aSantiago de Chile :bDirección de Bibliotecas, Archivos y Museos,c1984. av. ;c26 cm.1 aEdiciones de la Dirección de Bibliotecas, Archivos y Museos aLa biblioteca sólo posee el volumen 1. 4aChilexHistoria917855 4aLiteratura chilena931641 aCampos Menéndez, Enrique.9184871 aBiblioteca Nacional (Chile)95603 0aEdiciones de la Dirección de Bibliotecas, Archivos y Museos918488 001054708MOaGRbGRcCTd2009-09-01iLF1l0ov.1p6651-10r2020-06-25w2020-06-25y4ZPréstamo en sala c6441d6441